Statistics for Most Capitals of Oceania You Can Name in 30 Seconds

Click here to take the quiz!

General Stats

  • This quiz has been taken 7,515 times
  • The average score is 6 of 14

Answer Stats

Capital % Correct
Canberra
88%
Wellington
85%
Suva
60%
Apia
49%
Port Moresby
47%
Nuku'alofa
37%
Funafuti
36%
Port Vila
36%
Honiara
34%
Yaren
30%
Palikir
29%
Tarawa
25%
Majuro
25%
Ngerulmud
21%

Score Distribution

Percentile by Number Answered

Percent of People with Each Score

Your Score History

You have not taken this quiz